00385nam a2200121Ia 4500008004100000082001600041100001800057245004700075260004100122365000600163630004700169730004700216100415s9999 xx 000 0 und d b6596a599.8 aJolly Alison aLemur Behaviour : A Madagascar Field Study aCHICAGOc1966bUNIVERSITY OF CHICAGO b0 aLemur Behaviour : A Madagascar Field Study aLemur Behaviour : A Madagascar Field Study